Sigle europee - Statistics

Statistiche generali
  • Questo quiz è stato fatto 90 volte
  • Il punteggio medio è 21 su 45
Statistiche sulle risposte
Paese Codice % Corretto
Albania AL
100%
Belgio BE
91%
Andorra AD
89%
Austria AT
81%
Francia FR
66%
Italia IT
66%
Bulgaria BG
64%
Grecia GR
64%
Città del Vaticano VA
57%
Finlandia FI
55%
Islanda IS
55%
Norvegia NO
55%
San Marino SM
55%
Polonia PL
54%
Romania RO
54%
Russia RU
54%
Regno Unito UK
54%
Germania DE
53%
Lussemburgo LU
53%
Malta MT
53%
Moldavia MD
50%
Portogallo PT
50%
Monaco MC
49%
Lituania LT
47%
Spagna ES
45%
Liechtenstein LI
45%
Repubblica Ceca CZ
43%
Danimarca DK
41%
Croazia HR
39%
Paesi Bassi NL
38%
Bielorussia BY
31%
Svizzera CH
31%
Ungheria HU
30%
Lettonia LV
28%
Macedonia del Nord MK
27%
Svezia SE
27%
Slovacchia SK
27%
Irlanda IE
26%
Montenegro ME
26%
Bosnia ed Erzegovina BA
24%
Ucraina UA
23%
Slovenia SI
20%
Estonia EE
19%
Serbia RS
8%
Kosovo XK
7%
Nessun quiz corrispondente trovato
Distribuzione punteggi
Percentuale di utenti per punteggio
Percentile per numero di risposta
I tuoi punteggi nel tempo
Non hai fatto questo quiz